LIBRARY & INFORMATION CENTRE, KCAET, TAVANUR

ONLINE PUBLIC ACCESS CATALOGUE (OPAC)

A Textbook of Engineering Drawing( I (Record no. 14467)

MARC details
000 -LEADER
fixed length control field 00294nam a22001217a 4500
020 ## - INTERNATIONAL STANDARD BOOK NUMBER
ISBN 8121914310
082 ## - DEWEY DECIMAL CLASSIFICATION NUMBER
Classification number 604.2
Item number DHA/TE
100 ## - MAIN ENTRY--AUTHOR NAME
Personal name Dhawan,R.K
245 ## - TITLE STATEMENT
Title A Textbook of Engineering Drawing( I
260 ## - PUBLICATION, DISTRIBUTION, ETC. (IMPRINT)
Place of publication New Delhi
Name of publisher S. Chand and Company Ltd
Year of publication 2012
300 ## - PHYSICAL DESCRIPTION
Number of Pages 673
942 ## - ADDED ENTRY ELEMENTS (KOHA)
Koha item type Books
Holdings
Withdrawn status Lost status Damaged status Collection code Home library Current library Shelving location Date acquired Source of acquisition Cost, normal purchase price Full call number Accession Number Koha item type
        KAUAET KAUAET General Stacks 07/07/2016 Aman Book Stall, Calicut 425.00 604.2 DHA/TE 24973 Books
        KAUAET KAUAET General Stacks 07/07/2016 Aman Book Stall, Calicut 425.00 604.2 DHA/TE 24974 Books
free website counter